Top Egg Producing States Quiz Stats

 Plays Quiz Updated Jul 9, 2017

Support Sporcle.
Go Orange.
Score 0/10 Timer 02:00
0 Plays Today
Total Eggs Produced (Millions) US State % Correct
3,473.5California
91.1%
5,571.8Texas
88.8%
9,546.0Ohio
76.8%
13,608.0Iowa
71.1%
8,910.4Indiana
69.9%
4,893.8Georgia
67.4%
3,963.9Michigan
65%
8,212.4Pennsylvania
65%
3,729.5North Carolina
60.5%
3,411.4Arkansas
54.5%

You're not logged in!

Compare scores with friends on all Sporcle quizzes.
OR
Log In
Forgot?

From the Vault

9-Letter Word Scramble

by razorz

'Scrambler' is a 9-letter word, but you won't find it in this quiz.
Remove Ads.
Support Sporcle.
Get the best of Sporcle when you Go Orange. This ad-free experience offers more features, more stats, and more fun while also helping to support Sporcle. Thank you for becoming a member.

Show Comments

Extras

Top Quizzes Today


Score Distribution

Your Account Isn't Verified!

In order to create a playlist on Sporcle, you need to verify the email address you used during registration. Go to your Sporcle Settings to finish the process.

Report this User

Report this user for behavior that violates our Community Guidelines.

Details: